000 00450nam a2200181Ia 4500
001 716
005 20260306140538.0
008 260306t2005||||xx |||||||||||||| ||spa||
041 _aESP
082 _a142.78
_bM26
100 _aMarcel, Gabriel
_eAUT
245 0 _aHomo viator :
_bprolegómenos a una metafísica de la esperanza
260 _c2005
300 _a334 páginas :
_c22 cm.
650 _aGEN
654 _aCHU
942 _cLIB
_dJUS
_fJUS
_2ddc
_n
999 _c716
_d716